Digital Control Circuit for Synchronization of Two Metal Vapor Lasers. Development and Application; Micro/Nanotechnologies and Electron Devices (EDM)

Detalles Bibliográficos
Parent link:Micro/Nanotechnologies and Electron Devices (EDM).— 2018.— [P. 387-390]
Autor Principal: Vasnev N. A. Nikolay Aleksandrovich
Autor Corporativo: Национальный исследовательский Томский политехнический университет Инженерная школа новых производственных технологий Отделение материаловедения
Outros autores: Taratushkina V. V. Valeriya Vladimirovna, Trigub M. V. Maksim Viktorovich
Summary:Title screen
The paper presents the development of digital control circuit for the pumping of independently operating lasers and two interacting lasers. The principle of the control pulses formation is described, the oscillograms are given. The time intervals and their changing ranges are given. The principle possibility of an imaging by the bistatic laser monitor using the developed digital control circuit is shown.
Режим доступа: по договору с организацией-держателем ресурса
Idioma:inglés
Publicado: 2018
Subjects:
Acceso en liña:https://doi.org/10.1109/EDM.2018.8434987
Formato: MixedMaterials Electrónico Capítulo de libro
KOHA link:https://koha.lib.tpu.ru/cgi-bin/koha/opac-detail.pl?biblionumber=660103

MARC

LEADER 00000naa0a2200000 4500
001 660103
005 20250828112413.0
035 |a (RuTPU)RU\TPU\network\29050 
035 |a RU\TPU\network\28885 
090 |a 660103 
100 |a 20190424d2018 k y0engy50 ba 
101 0 |a eng 
135 |a drcn ---uucaa 
181 0 |a i  
182 0 |a b 
200 1 |a Digital Control Circuit for Synchronization of Two Metal Vapor Lasers. Development and Application  |f N. A. Vasnev, V. V. Taratushkina, M. V. Trigub 
203 |a Text  |c electronic 
300 |a Title screen 
320 |a [References: 14 tit.] 
330 |a The paper presents the development of digital control circuit for the pumping of independently operating lasers and two interacting lasers. The principle of the control pulses formation is described, the oscillograms are given. The time intervals and their changing ranges are given. The principle possibility of an imaging by the bistatic laser monitor using the developed digital control circuit is shown. 
333 |a Режим доступа: по договору с организацией-держателем ресурса 
463 |t Micro/Nanotechnologies and Electron Devices (EDM)  |o 19th International Conference of Young Specialists, 29 June - 3 July 2018, Erlagol (Altai Republic), Russia  |v [P. 387-390]  |d 2018 
610 1 |a электронный ресурс 
610 1 |a труды учёных ТПУ 
610 1 |a CuBr-laser 
610 1 |a digital control circuit 
610 1 |a bistatic laser monitor 
610 1 |a MOPA system 
610 1 |a synchronization 
610 1 |a цифровые схемы 
610 1 |a цифровое управление 
610 1 |a бистатический лазерный монитор 
610 1 |a синхронизация 
700 1 |a Vasnev  |b N. A.  |g Nikolay Aleksandrovich 
701 1 |a Taratushkina  |b V. V.  |g Valeriya Vladimirovna 
701 1 |a Trigub  |b M. V.  |c specialist in the field of non-destructive testing  |c Professor of Tomsk Polytechnic University, Doctor of technical sciences  |f 1987-  |g Maksim Viktorovich  |3 (RuTPU)RU\TPU\pers\31242  |9 15437 
712 0 2 |a Национальный исследовательский Томский политехнический университет  |b Инженерная школа новых производственных технологий  |b Отделение материаловедения  |3 (RuTPU)RU\TPU\col\23508 
801 1 |a RU  |b 63413507  |c 20141010 
801 2 |a RU  |b 63413507  |c 20190424  |g RCR 
856 4 |u https://doi.org/10.1109/EDM.2018.8434987 
942 |c CF